RADIOLOGY FOR UNDERGRADUATE AND GENERAL PRACTITIONERS (Record no. 14100)

MARC details
000 -LEADER
fixed length control field 00286nam a22001217a 4500
003 - CONTROL NUMBER IDENTIFIER
control field SGT
082 ## - DEWEY DECIMAL CLASSIFICATION NUMBER
Classification number 616.0757
Item number R12S
100 ## - MAIN ENTRY--PERSONAL NAME
Personal name SINGH,HARIQBAL
245 ## - TITLE STATEMENT
Title RADIOLOGY FOR UNDERGRADUATE AND GENERAL PRACTITIONERS
260 ## - PUBLICATION, DISTRIBUTION, ETC. (IMPRINT)
Place of publication, distribution, etc INDIA
Name of publisher, distributor, etc JAYPEE
Year of Publication 2012
300 ## - PAGE DESCRIPTION
No. of Pages 237
942 ## - ADDED ENTRY ELEMENTS (KOHA)
Source of classification or shelving scheme Dewey Decimal Classification
Koha item type Books
942 ## - ADDED ENTRY ELEMENTS (KOHA)
-- 3
Holdings
Withdrawn status Lost status Source of classification or shelving scheme Damaged status Not for loan Collection code Home library Current library Shelving location Date acquired Vendor Name SGTU Total Checkouts Full call number Accession No. (Barcode) Date last seen Date last borrowed Bill Date Koha item type
    Dewey Decimal Classification     MEDICAL SGT Medical Library SGT Medical Library Text Book 21/12/2017 ABC DELHI SGTU 4 616.0757 R12S FM9025 22/04/2025 07/04/2025 26/06/2017 Books